000 00959cam a22003133a 4500
001 27618
003 PGUSA
005 20140828083610.0
008 081225s2008||||xxu|||||s|||||000 1 eng d
040 _aPGUSA
_beng
042 _adc
050 4 _aPZ
100 1 _aWarner, Susan,
_d1819-1885
245 1 4 _aThe End of a Coil
_h[electronic resource] /
_cSusan Warner
260 _bProject Gutenberg,
_c2008
506 _aPublic domain in the USA.
516 _aElectronic text
653 _aAunts -- Juvenile fiction
653 _aSick -- Juvenile fiction
653 _aChristian life -- Juvenile fiction
653 _aEducation -- Juvenile fiction
653 _aParent and child -- Juvenile fiction
653 _aConduct of life -- Juvenile fiction
653 _aCourtship -- Juvenile fiction
653 _aSailors -- Juvenile fiction
830 0 _aProject Gutenberg
_v27618
856 4 0 _uhttp://www.gutenberg.org/ebooks/27618
942 _cEB
999 _c256873
_d256873